| 000 | 00379nam a2200145Ia 4500 | ||
|---|---|---|---|
| 005 | 20251222154402.0 | ||
| 008 | 251222s9999||||xx |||||||||||||| ||spa|| | ||
| 020 | _a8482640909 | ||
| 082 | _a150/Q62 | ||
| 100 | _aQuintana, J. | ||
| 245 | 0 | _aLa Incorporación de la Psicología Científica a la Cultura Española: | |
| 250 | _a1ra.ed. | ||
| 264 | _bUAM Ediciones | ||
| 942 | _cLIB | ||
| 999 |
_c35329 _d35329 |
||